Score 0/19 Timer 01:30
0 Plays Today
Hint Answer % Correct
Tom Cruise is a prominent member of which religion?Scientology
78.3%
What year did Friends first air?1994
74.8%
What is the capital of Portugal?Lisbon
74.4%
How many players are there in a rugby league team?13
73.1%
Which of these three counties is the biggest - Cavan, Westmeath or Waterford?Cavan
66.2%
The Queen's Gambit is a Netflix series about which game?Chess
61.4%
What is the highest mountain in Britain?Ben Nevis
58.9%
Wayne Rooney signed for Manchester United from whom?Everton
56.2%
What is Japanese sake made from?Rice
48.9%
True or false - an emu can fly. False
38.8%
Hint Answer % Correct
What is the name of the second Harry Potter book?Harry Potter and the Chamber of Secrets
37.3%
What does M represent in Roman Numerals?Thousand
35.6%
Who won the FIFA Women's World Cup in 2019?America
32%
What age is Melania Trump?50
17.6%
Who stars opposite Scarlet Johansson in Netflix hit Marriage Story?Adam Driver
16.5%
In what county would you find Moneygall? Offaly
16%
Who wrote the book Normal People?Sally Rooney
8.7%
Who does the voice over for Love Island?Iain Sterling
8.4%
Who voices Remy the rat, in Ratatouille?Patton Oswalt
2.8%
Remove Ads.
Support Sporcle.
Get the best of Sporcle when you Go Orange. This ad-free experience offers more features, more stats, and more fun while also helping to support Sporcle. Thank you for becoming a member.

You're not logged in!

Compare scores with friends on all Sporcle quizzes.
OR
Log In

Show Comments

Extras

Created Dec 2, 2020ReportNominate
Tags:Ace, joe

Top Quizzes Today


Score Distribution

Your Account Isn't Verified!

In order to create a playlist on Sporcle, you need to verify the email address you used during registration. Go to your Sporcle Settings to finish the process.

Report this User

Report this user for behavior that violates our Community Guidelines.

Details: